Homo economicus v kontexte spotrebiteľského správania domácností v krajinách Vyšehradskej skupiny

Vplyv ekonomických faktorov na spotrebiteľské správanie. Vývoj spotrebiteľského správania v krajinách V4 - od racionalite k realite.

Gespeichert in:
Bibliographische Detailangaben
1. Verfasser: Hudec, Martin
Format: Buchkapitel
Sprache:Slowakisch
Schlagworte:
Tags: Tag hinzufügen
Keine Tags, Fügen Sie das erste Tag hinzu!

MARC

LEADER 00000naa a2200000 4500
001 0247683
005 20240502073950.1
041 0 |a slo 
044 |a SK 
245 1 0 |a Homo economicus v kontexte spotrebiteľského správania domácností v krajinách Vyšehradskej skupiny  |c Martin Hudec 
520 |a Vplyv ekonomických faktorov na spotrebiteľské správanie. Vývoj spotrebiteľského správania v krajinách V4 - od racionalite k realite. 
610 2 0 |a správanie spotrebiteľa 
610 2 0 |a Vyšehradská štvorka 
610 2 0 |a spotreba domácností 
610 2 0 |a zvyklosti obchodné 
610 2 0 |a dlhy 
610 2 0 |a úspory 
100 1 |a Hudec, Martin